=LDR 00000nam 2200000 4500 =001 INLIS000000000044677 =005 20131008110435 =008 ***********************************ind** =035 ##$$0010-101300000002599 =041 ##$$a ind =082 ##$$a 813 =090 ##$$a 813, Sat m =100 ##$$a satran, Pamela redmond =245 ##$$a the man i should have married:pria yang seharusnya kunikahi =260 ##$$a gramedia $b jakarta =300 ##$$a 400 hlm =850 ##$$a NBPNMAT